000
00242nam a22000977a 4500
008
160506b xxu||||| |||| 00| 0 eng d
041
_a
eng
080
_a
61
245
_a
Medical and health annual:
_c
Encylopaedia britannica INC;
942
_2
udc
_c
BK
999
_c
1877
_d
1877